Movies Quiz

Random Movies or Director Quiz

John Landis Movies Quiz Stats

 Plays Quiz not verified by Sporcle

Challenge
Share
Tweet
Embed
Score 0/19 Timer 06:00
0 Plays Today
Year Movie % Correct
1981An American Werewolf in London
88.7%
1978Animal House
84.9%
1980The Blues Brothers
83%
1977The Kentucky Fried Movie
79.2%
1983Trading Places
78.3%
1988Coming to America
74.5%
1994Beverly Hills Cop III
66%
1983Twilight Zone: The Movie
63.2%
1985Spies Like Us
63.2%
1973Schlock
61.3%
Year Movie % Correct
1998Blues Brothers 2000
59.4%
1986¡Three Amigos!
55.7%
1991Oscar
50.9%
1992Innocent Blood
48.1%
2010Burke and Hare
45.3%
1985Into the Night
44.3%
1996The Stupids
44.3%
1987Amazon Women on the Moon
40.6%
1998Susan's Plan
31.1%

You're not logged in!

Compare scores with friends on all Sporcle quizzes.
OR
Log In

You Might Also Like...

Show Comments

Extras

Top Quizzes Today


Score Distribution

Your Account Isn't Verified!

In order to create a playlist on Sporcle, you need to verify the email address you used during registration. Go to your Sporcle Settings to finish the process.

Report this User

Report this user for behavior that violates our Community Guidelines.

Details: